| 000 | 00749nam a2200229 a 4500 | ||
|---|---|---|---|
| 003 | PILC | ||
| 005 | 20150112093439.0 | ||
| 008 | 101028s19uu xx 00 eng d | ||
| 020 | _a0256087059 | ||
| 050 |
_aT 58.6 _b.C674 1992 |
||
| 082 |
_aMnSF 658.4038 _bC81 1992 |
||
| 100 |
_aCash, Jr. James _917467 |
||
| 245 |
_aCorporate information systems management : _bText and cases / _cJames I. Cash, Jr. ... [et al.]. |
||
| 250 | _a3rd ed. | ||
| 260 |
_aBoston, MA : _bRichard D. Irwin, Inc, _c1992. |
||
| 300 |
_a702 pages : _billustration ; _c27 cm. |
||
| 650 |
_aManagement information system _917468 |
||
| 700 |
_aMcFarlan, F. Warren _917469 |
||
| 700 |
_aMcKenney, James L. _917470 |
||
| 700 |
_aApplegate, Lynda M. _917471 |
||
| 942 |
_2lcc _cBK |
||
| 999 |
_c14676 _d14676 |
||